[Event "Women's Speed Chess Q6"]
[Site "chess.com INT"]
[Date "2021.06.05"]
[Round "3"]
[White "Kulkarni, Bhakti"]
[Black "Eswaran, Ashritha"]
[Result "1/2-1/2"]
[WhiteTitle "IM"]
[BlackTitle "WIM"]
[WhiteElo "2391"]
[BlackElo "2244"]
[WhiteFideId "5019516"]
[BlackFideId "2080788"]
[EventDate "2021.06.05"]

1. d4 Nf6 2. c4 e6 3. Nf3 d5 4. e3 Be7 5. Nbd2 O-O 6. Bd3 b6 7. O-O Bb7 8. b3
Nbd7 9. Bb2 c5 10. Rc1 Rc8 11. Qe2 Qc7 12. Ne5 dxc4 13. Ndxc4 Nxe5 14. Nxe5 Qb8
15. dxc5 Rxc5 16. Rxc5 Bxc5 17. Ng4 Ne4 18. Qc2 f5 19. Ne5 Rd8 20. Rd1 Bd6 21.
Nf3 Nc5 22. Bc4 Bxf3 23. gxf3 Bxh2+ 24. Kg2 Rxd1 25. Qxd1 b5 26. Bxb5 Qxb5 27.
Qd8+ Kf7 28. Kxh2 Qe2 29. Qc7+ Ke8 30. Qb8+ Ke7 31. Qxa7+ Ke8 32. Qb8+ Ke7 33.
Qc7+ Ke8 34. Qc6+ Kf7 35. Qc7+ Ke8 36. Kg3 Qxb2 37. Qxc5 Qxa2 38. Qc8+ Kf7 39.
Qd7+ Kf6 40. Qd8+ Kf7 41. Qc7+ Kf6 42. Qd8+ Kf7 43. Qd7+ Kf6 44. Qd8+ 1/2-1/2

[Event "Women's Speed Chess Q6"]
[Site "chess.com INT"]
[Date "2021.06.05"]
[Round "3"]
[White "Arpita, Mukherjee"]
[Black "Vo, Thi Kim Phung"]
[Result "0-1"]
[WhiteTitle "WIM"]
[BlackTitle "WGM"]
[WhiteElo "2206"]
[BlackElo "2335"]
[WhiteFideId "5056403"]
[BlackFideId "12401838"]
[EventDate "2021.06.05"]

1. e4 e6 2. d4 d5 3. Nd2 Nf6 4. e5 Nfd7 5. Bd3 c5 6. c3 b6 7. Qe2 cxd4 8. cxd4
Nc6 9. Ngf3 Nb4 10. O-O Nxd3 11. Qxd3 a5 12. Re1 Ba6 13. Qe3 Be7 14. Nf1 O-O 15.
Ng3 Qc7 16. Nh5 Qc2 17. Qf4 Qg6 18. Ng3 Rac8 19. Nh4 Bxh4 20. Qxh4 Rc2 21. b3 f6
22. Be3 fxe5 23. dxe5 Nxe5 24. Bxb6 Nd3 25. Rf1 Nf4 26. Rfe1 Qf7 27. Bd4 Nd3 28.
Rf1 e5 29. Bb6 d4 30. f3 Nf4 31. Rf2 Rxf2 32. Kxf2 Qg6 0-1

[Event "Women's Speed Chess Q6"]
[Site "chess.com INT"]
[Date "2021.06.05"]
[Round "3"]
[White "Kanyamarala, Trisha"]
[Black "Avramidou, Anastasia"]
[Result "0-1"]
[WhiteTitle "WIM"]
[BlackTitle "FM"]
[WhiteElo "2180"]
[BlackElo "2238"]
[WhiteFideId "45004722"]
[BlackFideId "4239873"]
[EventDate "2021.06.05"]

1. e4 g6 2. d4 Bg7 3. c4 c5 4. Nf3 cxd4 5. Nxd4 Nc6 6. Be3 Nf6 7. Nc3 d6 8. Be2
Bd7 9. O-O O-O 10. Qd2 Rc8 11. h3 Qa5 12. Rac1 a6 13. Rfd1 Nxd4 14. Bxd4 Bc6 15.
f3 Rfd8 16. Nd5 Qxd2 17. Nxf6+ Bxf6 18. Rxd2 Bg5 19. Rcd1 Bxd2 20. Rxd2 Bd7 21.
Bb6 Re8 22. b3 f5 23. e5 Rc6 24. Be3 Be6 25. f4 dxe5 26. fxe5 Rcc8 27. Bf3 b5
28. c5 Red8 29. Rc2 Bd5 30. Be2 Bc6 31. Kf2 Kf7 32. g4 Ke6 33. Bf4 Rf8 34. Kg3
Rcd8 35. Bf3 Bxf3 36. Kxf3 fxg4+ 37. Kxg4 Rd4 0-1

[Event "Women's Speed Chess Q6"]
[Site "chess.com INT"]
[Date "2021.06.05"]
[Round "3"]
[White "Novikova, Anna"]
[Black "Dong, Khanh Linh"]
[Result "1-0"]
[WhiteTitle "WIM"]
[BlackTitle "WCM"]
[WhiteElo "2247"]
[BlackElo "1970"]
[WhiteFideId "4146794"]
[BlackFideId "12403040"]
[EventDate "2021.06.05"]

1. e4 c5 2. Nf3 d6 3. d4 cxd4 4. Nxd4 Nf6 5. Nc3 a6 6. Bg5 e6 7. f4 h6 8. Bh4
Qb6 9. Bxf6 gxf6 10. Qd2 Qxb2 11. Rb1 Qa3 12. Bc4 Qc5 13. Bb3 Nc6 14. Nxc6 bxc6
15. Na4 Qh5 16. O-O Be7 17. f5 Rb8 18. fxe6 fxe6 19. Bc4 Rxb1 20. Rxb1 O-O 21.
Rb3 d5 22. Rh3 Qxh3 23. gxh3 dxc4 24. Qxh6 Rf7 25. Nb6 Rg7+ 26. Kf1 Bb7 27. Nd7
a5 28. Ke2 Kf7 29. Qh5+ Kg8 30. Qe8+ Kh7 31. Qb8 Ba6 32. c3 Ba3 33. Nxf6+ Kg6
34. Ng4 Bc5 35. Qe8+ Kh7 36. Nf6+ Kh6 37. Qh5# 1-0

[Event "Women's Speed Chess Q6"]
[Site "chess.com INT"]
[Date "2021.06.05"]
[Round "3"]
[White "Varney, Zoe"]
[Black "Ziegenfuss, Antonia"]
[Result "1-0"]
[WhiteTitle "WCM"]
[BlackTitle "WFM"]
[WhiteElo "1917"]
[BlackElo "2157"]
[WhiteFideId "436135"]
[BlackFideId "12962554"]
[EventDate "2021.06.05"]

1. e4 c5 2. Nf3 e6 3. d4 cxd4 4. Nxd4 Nc6 5. Be3 Nf6 6. f3 d5 7. e5 Nxe5 8. Nc3
Bb4 9. Qd2 O-O 10. O-O-O Bd7 11. g4 Rc8 12. g5 Ne8 13. f4 Nc6 14. Nb3 Nd6 15.
Bd3 Na5 16. Bd4 Nac4 17. Qg2 Nb5 18. Nxb5 Bxb5 19. Qh3 g6 20. Qh6 e5 21. fxe5 a5
22. e6 f6 23. gxf6 Rc7 24. Bxg6 Na3 25. f7+ 1-0

[Event "Women's Speed Chess Q6"]
[Site "chess.com INT"]
[Date "2021.06.05"]
[Round "3"]
[White "Nanditha, V"]
[Black "Nguyen, Hong Ngoc"]
[Result "1-0"]
[WhiteTitle "WCM"]
[BlackTitle "WCM"]
[WhiteElo "1666"]
[BlackElo "1957"]
[WhiteFideId "46626697"]
[BlackFideId "12403083"]
[EventDate "2021.06.05"]

1. e4 c5 2. Nf3 d6 3. d4 cxd4 4. Nxd4 Nf6 5. Nc3 a6 6. h3 Nc6 7. g4 e5 8. Nf5 g6
9. Ne3 Be6 10. Bg2 Nd4 11. Ned5 Bxd5 12. exd5 Bg7 13. O-O O-O 14. Be3 Nd7 15. f4
Nb5 16. Nxb5 axb5 17. f5 b4 18. Qd2 Qa5 19. Be4 Nc5 20. Bg2 Nd7 21. g5 f6 22.
fxg6 hxg6 23. gxf6 Rxf6 24. Rxf6 Nxf6 25. Bh6 Qc5+ 26. Kh2 Rc8 27. Rc1 Qc4 28.
Qg5 Qxa2 29. Qxg6 Rc7 30. Bxg7 Rxg7 31. Qxf6 Qxb2 32. Qe6+ Kh8 33. Qh6+ Kg8 34.
Be4 Qd4 35. Qe6+ Kh8 36. Qe8+ Rg8 37. Qh5+ Kg7 38. Rg1+ Kf8 39. Qf5+ Ke7 40.
Qe6+ Kd8 41. Rxg8+ Kc7 42. Rg2 b3 43. Qe7+ Kb6 44. Qxd6+ Ka7 45. cxb3 b5 46.
Qc7+ Ka6 47. Qc6+ Ka5 48. d6 b4 49. Ra2# 1-0

[Event "Women's Speed Chess Q6"]
[Site "chess.com INT"]
[Date "2021.06.05"]
[Round "3"]
[White "Kairbekova, Amina"]
[Black "Torres Hernandez, Leslie Carolin"]
[Result "1-0"]
[WhiteTitle "WFM"]
[BlackTitle "WFM"]
[WhiteElo "2132"]
[BlackElo "1884"]
[WhiteFideId "13712799"]
[BlackFideId "8400504"]
[EventDate "2021.06.05"]

1. e4 c6 2. d4 d5 3. e5 Bf5 4. h4 h5 5. Bd3 Bxd3 6. Qxd3 e6 7. Bg5 Be7 8. Nf3
Nd7 9. Nbd2 Bxg5 10. Nxg5 Ne7 11. Nf1 c5 12. f4 Nf5 13. dxc5 Qa5+ 14. c3 Qxc5
15. Ng3 Ne3 16. Qe2 d4 17. cxd4 Qxd4 18. N5e4 Ng4 19. Nd6+ Ke7 20. Nge4 Nc5 21.
Rd1 Qb4+ 22. Nc3 Rad8 23. g3 Na4 24. O-O Nxc3 25. bxc3 Qxc3 26. Rd3 Qc5+ 27. Kg2
Rd7 28. Qd2 Rhd8 29. Rc1 Rxd6 30. exd6+ Qxd6 31. Rxd6 Rxd6 32. Rc7+ Kf6 33. Qxd6
Ne3+ 34. Kf3 Nf5 35. Qe5+ Kg6 36. g4 hxg4+ 37. Kxg4 Nh6+ 38. Kh3 Nf5 39. h5+
Kxh5 40. Rxf7 Kg6 41. Qxe6+ Kh7 42. Qxf5+ Kg8 43. Rxb7 1-0

[Event "Women's Speed Chess Q6"]
[Site "chess.com INT"]
[Date "2021.06.05"]
[Round "3"]
[White "Berend, Elvira"]
[Black "Gaponenko, Inna"]
[Result "1-0"]
[WhiteTitle "WGM"]
[BlackTitle "IM"]
[WhiteElo "2326"]
[BlackElo "2357"]
[WhiteFideId "4000510"]
[BlackFideId "14101181"]
[EventDate "2021.06.05"]

1. e4 g6 2. d4 Bg7 3. Nc3 d6 4. f4 a6 5. Nf3 b5 6. a3 Bb7 7. Bd3 Nd7 8. e5 c5 9.
e6 fxe6 10. Ng5 Nf8 11. dxc5 dxc5 12. Qe2 Nf6 13. O-O c4 14. Be4 Nxe4 15. Ncxe4
h6 16. Nf3 Nd7 17. Ng3 Bd5 18. Nh4 Nf8 19. Nxg6 Nxg6 20. Qh5 Qb6+ 21. Kh1 O-O-O
22. Qxg6 Rhg8 23. Qh5 Bf6 24. Qe2 Rg7 25. Be3 Qd6 26. a4 b4 27. Rad1 Bxb2 28.
Bg1 Rdg8 29. Qe3 Kd7 30. Qa7+ Ke8 31. Qe3 Bf6 32. Ne4 Qc6 33. Rxd5 Qxd5 34. Ng3 1-0

[Event "Women's Speed Chess Q6"]
[Site "chess.com INT"]
[Date "2021.06.05"]
[Round "3"]
[White "Komiagina, Maria"]
[Black "Li, Xueyi"]
[Result "0-1"]
[WhiteTitle "WIM"]
[BlackTitle "WGM"]
[WhiteElo "2241"]
[BlackElo "2303"]
[WhiteFideId "4153987"]
[BlackFideId "8605912"]
[EventDate "2021.06.05"]

1. e4 c6 2. d4 d5 3. e5 Bf5 4. h4 h5 5. Bd3 Bxd3 6. Qxd3 Qa5+ 7. Nd2 Qa6 8. c4
e6 9. Ne2 Bb4 10. Nc3 Ne7 11. O-O Nf5 12. g3 Nd7 13. a3 Be7 14. b3 Qb6 15. c5
Qd8 16. Nf3 b6 17. b4 a5 18. Bg5 f6 19. exf6 gxf6 20. Bf4 Kf7 21. Rfe1 Nf8 22.
Rab1 axb4 23. axb4 Ng6 24. Bd2 Rg8 25. Rxe6 Kxe6 26. Re1+ Kf7 27. Qxf5 Qc8 28.
Ng5+ Kg7 29. Ne6+ Kf7 30. Qxh5 Rh8 31. Qf5 bxc5 32. h5 Nf8 33. Ng5+ Ke8 34. Qf3
Ra3 0-1

[Event "Women's Speed Chess Q6"]
[Site "chess.com INT"]
[Date "2021.06.05"]
[Round "3"]
[White "Nurmanova, Alua"]
[Black "Mkrtchian, Lilit"]
[Result "1-0"]
[WhiteTitle "WFM"]
[BlackTitle "IM"]
[WhiteElo "2093"]
[BlackElo "2388"]
[WhiteFideId "13729390"]
[BlackFideId "13300601"]
[EventDate "2021.06.05"]

1. e4 e6 2. d4 d5 3. Nc3 Nf6 4. e5 Nfd7 5. f4 c5 6. Nf3 Nc6 7. Be3 a6 8. Qd2 b5
9. dxc5 Bxc5 10. Bd3 Qb6 11. Bf2 h6 12. a3 Bb7 13. O-O Rc8 14. Ne2 Bxf2+ 15.
Rxf2 Nc5 16. Qe3 Na4 17. Qxb6 Nxb6 18. Ned4 g6 19. b3 Ke7 20. Nxc6+ Bxc6 21. Nd4
Bd7 22. Raf1 Rc7 23. g4 h5 24. f5 hxg4 25. fxg6 fxg6 26. Rf7+ Kd8 27. Bxg6 Bc8
28. Rf8+ Rxf8 29. Rxf8+ Kd7 30. Be8+ Ke7 31. Rf7+ Kd8 32. Nc6+ Kxe8 33. Rxc7 Bd7
34. Nb8 Kd8 35. Rc5 Bc8 36. Kf2 d4 37. Nc6+ Kd7 38. Nxd4 Nd5 39. Kg3 Ne3 40.
Nxe6 Kxe6 41. Rxc8 Nf5+ 42. Kxg4 Nd4 43. h4 Kxe5 44. Kg5 1-0

[Event "Women's Speed Chess Q6"]
[Site "chess.com INT"]
[Date "2021.06.05"]
[Round "3"]
[White "Atalik, Ekaterina"]
[Black "Nemcova, Katerina"]
[Result "0-1"]
[WhiteTitle "IM"]
[BlackTitle "WGM"]
[WhiteElo "2430"]
[BlackElo "2331"]
[WhiteFideId "4130189"]
[BlackFideId "322750"]
[EventDate "2021.06.05"]

1. d4 d6 2. Nf3 Nf6 3. g3 g6 4. Bg2 Bg7 5. O-O O-O 6. b3 c5 7. Bb2 Nc6 8. c4
cxd4 9. Nxd4 Qc7 10. Nc3 Bg4 11. h3 Bd7 12. Rc1 Rac8 13. Nd5 Qd8 14. Nxc6 Bxc6
15. Nxf6+ Bxf6 16. Bxf6 exf6 17. Qd4 Re8 18. e3 Bxg2 19. Kxg2 a6 20. Rcd1 Re6
21. Rd2 Qe7 22. Rfd1 Rc6 23. h4 h5 24. a4 Re4 25. Qd5 Re5 26. Qd4 Re4 27. Qa7 f5
28. Qb8+ Kg7 29. Rxd6 f4 30. exf4 Re2 31. R6d4 Rb2 32. R1d3 Re6 33. Qd8 Qb4 34.
f5 Rxf2+ 35. Kh3 Qe1 36. Rd1 Qe2 37. Rh1 Rxf5 38. Qd7 Re3 39. Qd6 Rff3 40. Rg1
Rf2 41. Rh1 Qf3 42. Rg1 Ree2 0-1

[Event "Women's Speed Chess Q6"]
[Site "chess.com INT"]
[Date "2021.06.05"]
[Round "3"]
[White "Soumya, Swaminathan"]
[Black "Antolak, Julia"]
[Result "0-1"]
[WhiteTitle "IM"]
[BlackTitle "WIM"]
[WhiteElo "2351"]
[BlackElo "2309"]
[WhiteFideId "5016193"]
[BlackFideId "1159569"]
[EventDate "2021.06.05"]

1. d4 Nf6 2. c4 c5 3. d5 b5 4. Qc2 bxc4 5. e4 d6 6. Nf3 g6 7. Nfd2 Bg7 8. Nxc4
O-O 9. Nc3 Nbd7 10. Be2 Rb8 11. O-O Nb6 12. h3 Ba6 13. Na5 Bxe2 14. Qxe2 Qc7 15.
Nc6 Rb7 16. a4 Re8 17. a5 Nc8 18. Nb5 Qd7 19. Qc4 e6 20. Nc3 exd5 21. exd5 Ne7
22. Nxe7+ Qxe7 23. a6 Rb4 24. Qd3 Qe5 25. Bd2 Reb8 26. Rfe1 Qd4 27. Qxd4 Rxd4
28. Be3 Rdb4 29. Rad1 Rxb2 30. Bf4 R2b6 31. Re7 Rxa6 32. Rde1 Rab6 33. g4 h6 34.
Bg3 Kf8 35. Rc7 Re8 36. Rxe8+ Nxe8 37. Ne4 Nxc7 0-1

[Event "Women's Speed Chess Q6"]
[Site "chess.com INT"]
[Date "2021.06.05"]
[Round "3"]
[White "Shuvalova, Polina"]
[Black "Linares Napoles, Oleiny"]
[Result "0-1"]
[WhiteTitle "IM"]
[BlackTitle "WGM"]
[WhiteElo "2489"]
[BlackElo "2255"]
[WhiteFideId "24171760"]
[BlackFideId "3504794"]
[EventDate "2021.06.05"]

1. e4 d6 2. d4 g6 3. Nc3 Bg7 4. Be3 a6 5. Qd2 b5 6. a3 Bb7 7. h4 h5 8. f3 Nd7 9.
Nh3 Rc8 10. Be2 c5 11. dxc5 Nxc5 12. Rd1 Qc7 13. Bd4 Nf6 14. O-O O-O 15. Kh1
Rfd8 16. Ng5 e5 17. Be3 d5 18. exd5 Nxd5 19. Nxd5 Bxd5 20. Qb4 Ne6 21. Rxd5 Rxd5
22. Nxe6 fxe6 23. Bd3 Qf7 24. Qa5 Bf6 25. Qxa6 Rcd8 26. Be4 Rd1 27. Rxd1 Rxd1+
28. Kh2 Bxh4 29. Qxb5 Kg7 30. Qxe5+ Bf6 31. Qb8 Qd7 32. Bf4 h4 33. c4 g5 34. Be5
Bxe5+ 35. Qxe5+ Kf7 36. Qxg5 Qd6+ 37. f4 Qe7 38. Bg6+ Kf8 39. Qh6+ Kg8 40. c5
Rd2 41. f5 Qc7+ 42. Kh3 Qg3# 0-1

[Event "Women's Speed Chess Q6"]
[Site "chess.com INT"]
[Date "2021.06.05"]
[Round "3"]
[White "Gevorgyan, Maria"]
[Black "Socko, Monika"]
[Result "0-1"]
[WhiteTitle "WGM"]
[BlackTitle "GM"]
[WhiteElo "2219"]
[BlackElo "2393"]
[WhiteFideId "13300270"]
[BlackFideId "1106619"]
[EventDate "2021.06.05"]

1. e4 c5 2. Nc3 Nc6 3. Bb5 e6 4. Bxc6 bxc6 5. d3 Ne7 6. Be3 Ng6 7. f3 d5 8. Bf2
Be7 9. Nge2 O-O 10. O-O e5 11. Na4 d4 12. b3 f5 13. Rc1 Bg5 14. Rb1 Qd6 15. c3
Be6 16. Ng3 f4 17. Ne2 Rad8 18. Rc1 Be7 19. Qc2 Bc8 20. cxd4 cxd4 21. Qxc6 Qxc6
22. Rxc6 Bd7 23. Rc7 Bb5 24. Nb2 Rd7 25. Rfc1 Ba3 26. Rxd7 Bxd7 27. Rc7 Bxb2 28.
Rxd7 Rf7 29. Rd8+ Rf8 30. Rxf8+ Nxf8 31. Kf1 Nd7 32. Ke1 Kf7 33. Kd2 Ke6 34. Kc2
Ba3 35. Be1 g5 36. b4 a5 37. Kb3 axb4 38. Bxb4 Bxb4 39. Kxb4 Kd6 40. Nc1 Kc6 41.
Nb3 Kb6 42. a4 h5 43. a5+ Kc6 44. Kc4 g4 45. h3 g3 46. Kb4 Nf8 47. Nc5 Ng6 48.
Ne6 Nh4 49. Nd8+ Kc7 50. Kb5 Kxd8 51. a6 Kc7 52. Kc5 Nxf3 0-1

[Event "Women's Speed Chess Q6"]
[Site "chess.com INT"]
[Date "2021.06.05"]
[Round "3"]
[White "Steil-Antoni, Fiona"]
[Black "Sliwicka, Alicja"]
[Result "0-1"]
[WhiteTitle "WIM"]
[BlackTitle "WIM"]
[WhiteElo "2129"]
[BlackElo "2308"]
[WhiteFideId "4001249"]
[BlackFideId "1150677"]
[EventDate "2021.06.05"]

1. e4 c5 2. Nc3 Nc6 3. f4 g6 4. Nf3 Bg7 5. Bb5 e6 6. Bxc6 bxc6 7. d3 d5 8. O-O
Ne7 9. Qe1 c4 10. Kh1 cxd3 11. cxd3 d4 12. Ne2 Ba6 13. Ne5 f6 14. Nc4 Bxc4 15.
dxc4 c5 16. Ng3 O-O 17. f5 Nc6 18. b3 Ne5 19. Bf4 Nd3 20. Qd2 Nxf4 21. Qxf4 Qb8
22. Qg4 exf5 23. exf5 Qe8 24. Rae1 Qf7 25. Ne4 g5 26. Nxc5 Rfd8 27. Ne6 Rd7 28.
Rd1 h5 29. Qe4 Re8 30. Rxd4 Rxd4 31. Qxd4 Bf8 32. Rd1 Bb4 33. h3 h4 34. Qd7 Re7
35. Qc8+ Kh7 36. Nf8+ Kh6 37. Ng6 Re8 38. Qc6 Re2 0-1

[Event "Women's Speed Chess Q6"]
[Site "chess.com INT"]
[Date "2021.06.05"]
[Round "3"]
[White "Klinova, Masha"]
[Black "Nguyen, Thi Mai Hung"]
[Result "0-1"]
[WhiteTitle "IM"]
[BlackTitle "WGM"]
[WhiteElo "2275"]
[BlackElo "2254"]
[WhiteFideId "2802015"]
[BlackFideId "12401676"]
[EventDate "2021.06.05"]

1. e4 e6 2. Nf3 d5 3. Nc3 Nf6 4. e5 Nfd7 5. d4 c5 6. dxc5 Nc6 7. Bf4 Bxc5 8. Bd3
a6 9. O-O b5 10. a3 Be7 11. h3 b4 12. axb4 Nxb4 13. Be2 O-O 14. Nd4 Qc7 15. Re1
Nxe5 16. Bxa6 Rxa6 17. Rxa6 Nxa6 18. Bxe5 Qb6 19. Nb3 Rd8 20. Bd4 Qb4 21. Qg4 e5
22. Qe2 exd4 23. Qxe7 Qxe7 24. Rxe7 dxc3 25. bxc3 Kf8 26. Ra7 Nb8 27. Nd4 Nd7
28. Nc6 Re8 29. Nb4 Nf6 30. g4 h6 31. Kg2 Be6 32. f4 g6 33. Kf2 Ne4+ 34. Ke3
Nxc3 35. Kd2 Ne4+ 36. Kd3 Nf2+ 37. Kd4 Nxh3 38. f5 gxf5 39. gxf5 Bxf5 40. Nxd5
Bxc2 41. Ne3 Bg6 42. Ng4 h5 43. Ne5 Nf4 0-1

[Event "Women's Speed Chess Q6"]
[Site "chess.com INT"]
[Date "2021.06.05"]
[Round "3"]
[White "Ambartsumova, Karina"]
[Black "Perez Rodriguez, Jennifer"]
[Result "1/2-1/2"]
[WhiteTitle "IM"]
[BlackTitle "WIM"]
[WhiteElo "2382"]
[BlackElo "2251"]
[WhiteFideId "4166299"]
[BlackFideId "3507831"]
[EventDate "2021.06.05"]

1. c4 Nf6 2. Nf3 c6 3. e3 d5 4. b3 Bf5 5. Bb2 e6 6. d4 Bb4+ 7. Nbd2 Ne4 8. a3
Bc3 9. Qc1 Bxb2 10. Qxb2 O-O 11. Be2 Nd7 12. O-O Ndf6 13. Rac1 Nxd2 14. Nxd2 Ne4
15. Nf3 h6 16. b4 Qe7 17. c5 a6 18. a4 f6 19. b5 axb5 20. axb5 Ng5 21. Ra1 Nxf3+
22. Bxf3 e5 23. bxc6 bxc6 24. Qb6 Qd7 25. Be2 Rfb8 26. Rxa8 Rxa8 27. Ba6 Re8 28.
Bb7 Re6 29. Ra1 exd4 30. exd4 Bd3 31. h3 Kh7 32. Ra8 Bb5 33. Bc8 Qe8 34. Bxe6
Qxa8 35. Bf5+ Kh8 36. Qc7 Qe8 37. Kh2 Kg8 38. Bd7 Qe7 39. Qc8+ Kf7 40. Bxc6 Bxc6
41. Qxc6 Qe4 42. Qd7+ Kg6 43. c6 Qf4+ 44. Kg1 Qc1+ 45. Kh2 Qf4+ 46. Kg1 Qc1+ 47.
Kh2 Qf4+ 1/2-1/2

[Event "Women's Speed Chess Q6"]
[Site "chess.com INT"]
[Date "2021.06.05"]
[Round "3"]
[White "Mammadova, Gulnar"]
[Black "Koridze, Lile"]
[Result "1-0"]
[WhiteTitle "IM"]
[BlackTitle "WFM"]
[WhiteElo "2382"]
[BlackElo "2016"]
[WhiteFideId "13403508"]
[BlackFideId "13612514"]
[EventDate "2021.06.05"]

1. e4 c5 2. Nf3 d6 3. Bb5+ Nd7 4. a4 a6 5. Bc4 e6 6. Nc3 Ngf6 7. d4 cxd4 8. Nxd4
Qc7 9. Qe2 Be7 10. Bxe6 O-O 11. Ba2 Ne5 12. O-O Bg4 13. f3 Bd7 14. Nd5 Nxd5 15.
Bxd5 Rac8 16. c3 Bf6 17. Be3 Rfe8 18. Rfd1 Rb8 19. Qf2 b5 20. axb5 axb5 21. Nf5
Bxf5 22. exf5 Nc4 23. Bd4 Bxd4 24. Qxd4 Ne3 25. Ra7 Qb6 26. Bxf7+ Kf8 27. Qxd6+
Qxd6 28. Rxd6 Nxf5 29. Bxe8 Nxd6 30. Bc6 Rb6 31. Bd5 h6 32. Kf2 g5 33. b4 Ke8
34. Rh7 Nf5 35. Be4 Ne7 36. Rh8+ Kd7 37. Ra8 Ke6 38. Ke3 Ke5 39. Re8 Kd6 40.
Rd8+ Ke5 41. Rd4 Rb8 42. g3 Rc8 43. f4+ gxf4+ 44. gxf4+ Ke6 45. Rd3 Rg8 46. Kf3
Rg1 47. Re3 Kf6 48. Bd3 Nd5 49. Re5 Nxc3 50. Rc5 Na2 51. Rf5+ Ke6 52. Rxb5 Rd1
53. Bc4+ Kd6 54. Bxa2 Rd3+ 55. Ke4 Rd2 56. Bc4 Rxh2 57. Rb6+ Kc7 58. Rg6 1-0

[Event "Women's Speed Chess Q6"]
[Site "chess.com INT"]
[Date "2021.06.05"]
[Round "3"]
[White "Grigoryan, Meri"]
[Black "Zakirova, Aisha"]
[Result "1-0"]
[WhiteTitle "WFM"]
[BlackTitle "WCM"]
[WhiteElo "2044"]
[BlackElo "1585"]
[WhiteFideId "13300571"]
[BlackFideId "13719734"]
[EventDate "2021.06.05"]

1. d4 Nf6 2. c4 g6 3. Nc3 d5 4. Nf3 Bg7 5. e3 O-O 6. cxd5 Nxd5 7. Bc4 Nxc3 8.
bxc3 c5 9. O-O Nc6 10. Bb2 a6 11. a4 Rb8 12. Qe2 cxd4 13. cxd4 Bf5 14. Rfd1 Qa5
15. d5 Bxb2 16. Qxb2 Nb4 17. Nh4 Bc2 18. Rd4 Rbc8 19. Rc1 Bxa4 20. d6 exd6 21.
Rxd6 Rxc4 22. Rxc4 Nd3 23. Qc3 Qxc3 24. Rxc3 Ne5 25. Nf3 Nc6 26. Nd4 Nxd4 27.
exd4 Bc6 28. f3 Re8 29. Kf2 a5 30. d5 Bb5 31. Rc2 a4 32. Rb6 Ba6 33. d6 Rd8 34.
Rd2 Rd7 35. Ke3 f5 36. Kf4 Kf7 37. Ke5 h6 38. f4 Bf1 39. h3 g5 40. g4 fxg4 41.
hxg4 gxf4 42. Kxf4 Ba6 43. Ke5 Rd8 44. Rf2+ Ke8 45. Ke6 Bc4+ 46. Ke5 Ba6 47. Rf4
Rc8 48. Ke6 1-0

[Event "Women's Speed Chess Q6"]
[Site "chess.com INT"]
[Date "2021.06.05"]
[Round "3"]
[White "Priyanka, K"]
[Black "Luong, Phuong Hanh"]
[Result "0-1"]
[WhiteTitle "WIM"]
[BlackTitle "WIM"]
[WhiteElo "2218"]
[BlackElo "2229"]
[WhiteFideId "5082986"]
[BlackFideId "12401013"]
[EventDate "2021.06.05"]

1. e4 c5 2. Nf3 e6 3. d4 cxd4 4. Nxd4 a6 5. Bd3 Bc5 6. Nb3 Be7 7. O-O d6 8. c4
Nf6 9. Nc3 O-O 10. Be3 Nbd7 11. f4 Qc7 12. Qf3 Rb8 13. Rae1 b6 14. Qh3 g6 15.
Nd2 Nc5 16. Bb1 b5 17. cxb5 axb5 18. b4 Na6 19. Rc1 Nxb4 20. Nxb5 Qa5 21. Nc3
Ba6 22. Rfd1 Bd3 23. Nb3 Qa6 24. Bxd3 Nxd3 25. Rc2 Nb4 26. Rcd2 Rfc8 27. Bd4 Nc6
28. Bxf6 Bxf6 29. Rxd6 Qa7+ 30. Kh1 Bxc3 31. Qxc3 Qxa2 32. Rxc6 Rxc6 33. Qxc6
Qxb3 34. Rc1 Rd8 35. h3 Qe3 36. Rf1 Qe2 37. Rg1 Qf2 38. Qc7 Ra8 39. Qe7 Qxf4 40.
Qb7 Rb8 41. Qa7 h5 42. Qa6 Qxe4 43. Rf1 Rb2 0-1

[Event "Women's Speed Chess Q6"]
[Site "chess.com INT"]
[Date "2021.06.05"]
[Round "3"]
[White "Tania, Sachdev"]
[Black "Kashlinskaya, Alina"]
[Result "1-0"]
[WhiteTitle "IM"]
[BlackTitle "IM"]
[WhiteElo "2392"]
[BlackElo "2494"]
[WhiteFideId "5007844"]
[BlackFideId "4198026"]
[EventDate "2021.06.05"]

1. d4 d5 2. c4 e6 3. Nf3 c6 4. Nc3 dxc4 5. g3 Nf6 6. Bg2 Be7 7. O-O Nbd7 8. a4
a5 9. e4 O-O 10. Qc2 Rb8 11. Bf4 Ra8 12. Rfd1 Qb6 13. Bf1 c5 14. d5 exd5 15. e5
d4 16. exf6 Nxf6 17. Nb5 Bg4 18. Bg2 Nd5 19. Re1 Nxf4 20. gxf4 Bf6 21. Ne5 Bh5
22. Nd7 Qd8 23. Nxf8 Qxf8 24. Qe4 h6 25. Qxb7 Rd8 26. Qe4 d3 27. f3 Bxb2 28.
Rab1 Bd4+ 29. Nxd4 cxd4 30. Qe5 Bg6 31. f5 Bh7 32. Qxa5 c3 33. Rbd1 d2 34. Rxd2
cxd2 35. Qxd2 Bxf5 36. a5 Qc5 37. f4 d3+ 38. Kh1 Qc2 39. Rd1 Rc8 40. Bb7 Bg4 41.
Bxc8 Bxd1 42. Qe3 Qxc8 43. Qxd3 1-0

[Event "Women's Speed Chess Q6"]
[Site "chess.com INT"]
[Date "2021.06.05"]
[Round "3"]
[White "Dordzhieva, Dinara"]
[Black "Sviridova, Vlada"]
[Result "1-0"]
[WhiteTitle "WGM"]
[BlackTitle "WFM"]
[WhiteElo "2311"]
[BlackElo "2144"]
[WhiteFideId "24157570"]
[BlackFideId "24109606"]
[EventDate "2021.06.05"]

1. d4 d5 2. c4 c6 3. Nf3 Nf6 4. g3 e6 5. Bg2 Be7 6. O-O O-O 7. Nc3 b6 8. Qd3
dxc4 9. Qxc4 Ba6 10. Qb3 Nbd7 11. Rd1 Nd5 12. e4 Nxc3 13. bxc3 Nf6 14. Ne5 Bb7
15. Be3 h6 16. Rac1 Qc7 17. Bf4 g5 18. Be3 c5 19. f3 Rac8 20. Nc4 Rfd8 21. e5
Nd5 22. Bf2 Ba6 23. Bf1 b5 24. Nd2 c4 25. Qb1 Qa5 26. Ne4 Bb7 27. Re1 a6 28. h4
Kg7 29. Bg2 Qc7 30. hxg5 hxg5 31. Rcd1 Rh8 32. Qc1 Rcg8 33. Nxg5 Bxg5 34. Qxg5+
Kf8 35. Qd2 b4 36. cxb4 c3 37. Qc2 Nxb4 38. Qa4 Nd5 39. Rb1 Bc8 40. Qa3+ Kg7 41.
Rec1 a5 42. f4 Ba6 43. Qc5 Qxc5 44. dxc5 Rc8 45. a4 c2 46. Rb2 Bd3 47. Rb3 Bc4
48. Rb7 Nb4 49. f5 Kh6 50. Be3+ Kg7 51. Bd2 1-0